[Event "37th ECC Open 2022"]
[Site "Mayrhofen AUT"]
[Date "2022.10.03"]
[Round "1.1"]
[Board "1"]
[White "Hjartarson, Johann"]
[Black "Anand, Viswanathan"]
[Result "1/2-1/2"]
[WhiteTitle "GM"]
[BlackTitle "GM"]
[WhiteElo "2468"]
[BlackElo "2756"]
[WhiteTeam "Viking Chess Club"]
[BlackTeam "CSU ASE Superbet"]
[WhiteFideId "2300044"]
[BlackFideId "5000017"]
[EventDate "2022.10.03"]

1. c4 c5 2. Nf3 Nf6 3. Nc3 Nc6 4. e3 e6 5. d4 d5 6. a3 a6 7. dxc5 Bxc5 8. b4 Bd6
9. Bb2 O-O 10. Be2 dxc4 11. Bxc4 b5 12. Be2 Bb7 13. O-O Qe7 14. Qb3 Rac8 15.
Rfd1 Rfd8 16. h3 h6 17. a4 bxa4 18. Rxa4 Bxb4 19. Rxd8+ Rxd8 20. Bxa6 Bxa6 21.
Rxa6 Rc8 22. Ba3 Bxa3 23. Qxa3 Qd8 24. Qb2 Rb8 25. Qd2 Qxd2 26. Nxd2 Ne5 27. Ra2
Rc8 28. Nde4 Ned7 29. Nxf6+ Nxf6 30. Ne2 Nd5 1/2-1/2

[Event "37th ECC Open 2022"]
[Site "Mayrhofen AUT"]
[Date "2022.10.03"]
[Round "1.1"]
[Board "2"]
[White "Deac, Bogdan-Daniel"]
[Black "Thorfinnsson, Bragi"]
[Result "1-0"]
[WhiteTitle "GM"]
[BlackTitle "GM"]
[WhiteElo "2707"]
[BlackElo "2421"]
[WhiteTeam "CSU ASE Superbet"]
[BlackTeam "Viking Chess Club"]
[WhiteFideId "1226380"]
[BlackFideId "2300958"]
[EventDate "2022.10.03"]

1. d4 d5 2. Bf4 Nf6 3. e3 c5 4. c3 Nc6 5. Nd2 cxd4 6. exd4 Bg4 7. Qb3 Qc8 8.
Ngf3 e6 9. Bd3 Be7 10. O-O O-O 11. Rae1 Bh5 12. h4 Bg6 13. Bxg6 hxg6 14. g3 Bd8
15. Ne5 a5 16. Qb5 a4 17. a3 Ra6 18. Qe2 Rb6 19. Nd3 Ne7 20. Nf3 Bc7 21. Nfe5
Bd6 22. Bg5 Ne4 23. Bxe7 Bxe7 24. h5 g5 25. Kg2 Re8 26. h6 g6 27. Rh1 Rf8 28.
h7+ Kg7 29. f3 Nd6 30. Nc5 Rh8 31. Ned7 Qd8 32. Nxb6 Qxb6 33. Qe5+ 1-0

[Event "37th ECC Open 2022"]
[Site "Mayrhofen AUT"]
[Date "2022.10.03"]
[Round "1.1"]
[Board "3"]
[White "Thorfinnsson, Bjorn"]
[Black "Gukesh, D"]
[Result "0-1"]
[WhiteTitle "IM"]
[BlackTitle "GM"]
[WhiteElo "2365"]
[BlackElo "2732"]
[WhiteTeam "Viking Chess Club"]
[BlackTeam "CSU ASE Superbet"]
[WhiteFideId "2300982"]
[BlackFideId "46616543"]
[EventDate "2022.10.03"]

1. d4 Nf6 2. Nf3 g6 3. Bg5 Bg7 4. e3 h6 5. Bh4 O-O 6. Bd3 d6 7. Nbd2 Qe8 8. c3
e5 9. Qc2 Nc6 10. O-O Nh5 11. dxe5 dxe5 12. e4 Nf4 13. Bc4 Na5 14. Rfd1 Nxc4 15.
Nxc4 Bg4 16. Ne3 Bxf3 17. gxf3 Qe6 18. Bg3 Qh3 19. Qd2 h5 20. Bxf4 exf4 21. Ng2
Be5 22. Ne1 Rfe8 23. Qd7 Qh4 24. Rd3 Re7 25. Qa4 Bd6 26. Rd5 b6 27. Nd3 Rae8 28.
Re1 Qh3 29. Qd1 Qe6 30. Qb3 c6 31. Rd4 Qf6 32. a4 Re6 33. Qc4 Kg7 34. b4 R8e7
35. Rd1 Qg5+ 36. Kf1 Qh4 37. Kg2 g5 38. Ne1 Be5 39. Rd7 g4 40. Rxe7 Rxe7 41. Rd3
Re6 42. Rd7 Qh3+ 43. Kh1 g3 44. fxg3 fxg3 45. Rd2 Rd6 46. Rg2 Rd1 47. Qe2 Rb1
48. Qd2 Kh7 49. f4 Bxf4 0-1

[Event "37th ECC Open 2022"]
[Site "Mayrhofen AUT"]
[Date "2022.10.03"]
[Round "1.1"]
[Board "4"]
[White "Nisipeanu, Liviu-Dieter"]
[Black "Kjartansson, David"]
[Result "1-0"]
[WhiteTitle "GM"]
[BlackTitle "IM"]
[WhiteElo "2615"]
[BlackElo "2316"]
[WhiteTeam "CSU ASE Superbet"]
[BlackTeam "Viking Chess Club"]
[WhiteFideId "1202758"]
[BlackFideId "2301130"]
[EventDate "2022.10.03"]

1. d4 d5 2. c4 dxc4 3. Nf3 Nf6 4. e3 Bg4 5. Bxc4 e6 6. Nc3 Bd6 7. h3 Bh5 8. e4
Bxf3 9. gxf3 Be7 10. Rg1 g6 11. f4 Nc6 12. Be3 Qd7 13. a3 Rd8 14. e5 Nd5 15.
Nxd5 exd5 16. Be2 f5 17. Qb3 O-O 18. Rc1 Rb8 19. h4 Kh8 20. h5 g5 21. fxg5 f4
22. g6 hxg6 23. Rxg6 Qh3 24. Rh6+ Kg7 25. Qd3 Qh1+ 26. Bf1 Qe4 27. Rg6+ Kh8 28.
Qxe4 dxe4 29. Bd2 Nxd4 30. Rxc7 Nf3+ 31. Ke2 Rbd8 32. Bc3 Nd4+ 33. Bxd4 Rxd4 34.
Rxe7 Rc8 35. Bh3 Rc2+ 36. Kf1 Rd1+ 37. Kg2 f3+ 38. Kg3 1-0

[Event "37th ECC Open 2022"]
[Site "Mayrhofen AUT"]
[Date "2022.10.03"]
[Round "1.1"]
[Board "5"]
[White "Thorarinsson, Pall A."]
[Black "Sargissian, Gabriel"]
[Result "0-1"]
[WhiteTitle "FM"]
[BlackTitle "GM"]
[WhiteElo "2168"]
[BlackElo "2711"]
[WhiteTeam "Viking Chess Club"]
[BlackTeam "CSU ASE Superbet"]
[WhiteFideId "2300923"]
[BlackFideId "13300881"]
[EventDate "2022.10.03"]

1. d4 Nf6 2. c4 e6 3. Nf3 b6 4. a3 Bb7 5. Nc3 Ne4 6. Nxe4 Bxe4 7. Nd2 Bb7 8. e4
g6 9. Bd3 Bg7 10. Nf3 d6 11. O-O Nd7 12. b4 c5 13. Be3 O-O 14. Ra2 Qc7 15. d5
Rfe8 16. Re2 cxb4 17. axb4 a5 18. bxa5 Rxa5 19. dxe6 fxe6 20. Bd4 Nc5 21. Bxg7
Kxg7 22. Bc2 e5 23. Rfe1 Bc8 24. Nd2 Bg4 25. f3 Be6 26. Re3 Rea8 27. h3 Bf7 28.
Nb3 Ra3 29. Kh2 Bxc4 30. Nxc5 Qxc5 31. Rxa3 Rxa3 32. Bb1 b5 33. Qd2 Qd4 34. Qg5
Rxf3 0-1

[Event "37th ECC Open 2022"]
[Site "Mayrhofen AUT"]
[Date "2022.10.03"]
[Round "1.1"]
[Board "6"]
[White "Gavrilescu, David"]
[Black "Petursson, Gudni"]
[Result "1-0"]
[WhiteTitle "IM"]
[WhiteElo "2523"]
[BlackElo "2037"]
[WhiteTeam "CSU ASE Superbet"]
[BlackTeam "Viking Chess Club"]
[WhiteFideId "1227190"]
[BlackFideId "2301725"]
[EventDate "2022.10.03"]

1. e4 e5 2. Nf3 Nf6 3. d4 Nxe4 4. Bd3 d5 5. Nxe5 Nd7 6. Nc3 Nxc3 7. bxc3 Nxe5 8.
dxe5 Bc5 9. O-O O-O 10. Qh5 g6 11. Qh6 Re8 12. Bg5 Be7 13. Bxe7 Qxe7 14. f4 Qf8
15. Qh4 Qe7 16. Qg3 Bd7 17. Rae1 f5 18. Re3 Be6 19. h4 Rad8 20. h5 Kf7 21. Qf2
Rg8 22. Rg3 b6 23. Rg5 Qc5 24. g4 Qxf2+ 25. Kxf2 fxg4 26. hxg6+ hxg6 27. Rh1 Rg7
28. Bxg6+ Ke7 29. Rh7 Rg8 30. Rgh5 g3+ 31. Kg2 Rxh7 32. Rxh7+ Kd8 33. Bf7 Bxf7
34. Rxf7 Rg4 35. e6 c5 36. f5 Re4 37. Kxg3 Re3+ 38. Kf4 Rxc3 39. f6 Rxc2 40.
Rf8+ Kc7 41. e7 1-0

[Event "37th ECC Open 2022"]
[Site "Mayrhofen AUT"]
[Date "2022.10.03"]
[Round "1.2"]
[Board "1"]
[White "Harikrishna, Pentala"]
[Black "Zwirs, Nico"]
[Result "1-0"]
[WhiteTitle "GM"]
[BlackTitle "IM"]
[WhiteElo "2717"]
[BlackElo "2481"]
[WhiteTeam "Novy Bor Chess club"]
[BlackTeam "Amevo Apeldoorn"]
[WhiteFideId "5007003"]
[BlackFideId "1036432"]
[EventDate "2022.10.03"]

1. c4 e6 2. Nc3 d5 3. d4 Nf6 4. cxd5 exd5 5. Bg5 c6 6. e3 h6 7. Bh4 Be7 8. Bd3
O-O 9. Nge2 Nbd7 10. O-O Re8 11. a4 a5 12. f3 Nf8 13. Kh1 Ne6 14. Rc1 b6 15. Bf2
c5 16. Ng3 cxd4 17. exd4 Bf8 18. Qd2 Bd6 19. Be3 Bxg3 20. hxg3 Qd6 21. g4 Bd7
22. Nb5 Qe7 23. Rfe1 Rac8 24. Bf2 Rxc1 25. Rxc1 Rc8 26. Re1 Ne8 27. Re5 N8c7 28.
Nxc7 Rxc7 29. Rxd5 Bxa4 30. Re5 Qd6 31. Qe3 Bc2 32. Bb5 Rc8 33. Bg3 Qb4 34. d5
Nf8 35. Re8 Rxe8 36. Qxe8 Bb3 37. d6 Be6 38. d7 Bxd7 39. Bxd7 Qb3 40. Kh2 Qd5
41. Bc6 Qc5 42. Be4 h5 43. Qd8 hxg4 44. Bd6 g3+ 45. Kxg3 1-0

[Event "37th ECC Open 2022"]
[Site "Mayrhofen AUT"]
[Date "2022.10.03"]
[Round "1.2"]
[Board "2"]
[White "Van Delft, Merijn"]
[Black "Vidit, Santosh Gujrathi"]
[Result "0-1"]
[WhiteTitle "IM"]
[BlackTitle "GM"]
[WhiteElo "2363"]
[BlackElo "2710"]
[WhiteTeam "Amevo Apeldoorn"]
[BlackTeam "Novy Bor Chess club"]
[WhiteFideId "1004670"]
[BlackFideId "5029465"]
[EventDate "2022.10.03"]

1. e4 c5 2. Nf3 e6 3. d4 cxd4 4. Nxd4 Nc6 5. Nc3 a6 6. Nxc6 bxc6 7. Bd3 d5 8.
O-O Nf6 9. Qf3 Be7 10. Qg3 Nh5 11. Qf3 Nf6 12. Qg3 O-O 13. Bh6 Ne8 14. Bf4 f6
15. Rad1 Kh8 16. Bc1 Nd6 17. Kh1 Nf7 18. Rfe1 d4 19. Ne2 e5 20. c3 c5 21. b4
dxc3 22. Bxa6 Nd6 23. Bxc8 c2 24. Rxd6 Qxd6 25. Bb7 Qd1 26. f3 cxb4 27. Bd5 Rfd8
28. Bb3 Bc5 29. h4 Qxe1+ 30. Qxe1 Rd1 31. Qxd1 cxd1=Q+ 32. Bxd1 Rxa2 33. h5 b3
34. Bxb3 Rxe2 35. Kh2 Bb4 36. Bf7 Re1 37. Bb2 Rb1 0-1

[Event "37th ECC Open 2022"]
[Site "Mayrhofen AUT"]
[Date "2022.10.03"]
[Round "1.2"]
[Board "3"]
[White "Navara, David"]
[Black "Lammens, Tim"]
[Result "1-0"]
[WhiteTitle "GM"]
[BlackTitle "FM"]
[WhiteElo "2676"]
[BlackElo "2223"]
[WhiteTeam "Novy Bor Chess club"]
[BlackTeam "Amevo Apeldoorn"]
[WhiteFideId "309095"]
[BlackFideId "1008803"]
[EventDate "2022.10.03"]

1. e4 c5 2. Nf3 Nc6 3. Bb5 e6 4. O-O Nge7 5. Re1 a6 6. Bf1 d5 7. d3 d4 8. e5 Ng6
9. g3 Qc7 10. Bg2 Ngxe5 11. Nxe5 Nxe5 12. Bf4 Bd6 13. Qh5 Ng6 14. Bxd6 Qxd6 15.
Nd2 O-O 16. Ne4 Qc7 17. Qxc5 Qxc5 18. Nxc5 Rb8 19. a4 b6 20. Nb3 Rd8 21. f4 Ne7
22. a5 Bb7 23. Bxb7 Rxb7 24. axb6 Rxb6 25. Re5 g6 26. Rc5 Nf5 27. Ra2 Rdb8 28.
Kf2 h5 29. Kf3 Kg7 30. Rc7 Kf6 31. Nc5 Rxb2 32. Rxa6 Re8 33. Raa7 Nd6 34. Ne4+
Nxe4 35. Rxf7# 1-0

[Event "37th ECC Open 2022"]
[Site "Mayrhofen AUT"]
[Date "2022.10.03"]
[Round "1.2"]
[Board "4"]
[White "Meurs, Tom"]
[Black "Nguyen, Thai Dai Van"]
[Result "1/2-1/2"]
[BlackTitle "GM"]
[WhiteElo "2250"]
[BlackElo "2634"]
[WhiteTeam "Amevo Apeldoorn"]
[BlackTeam "Novy Bor Chess club"]
[WhiteFideId "1021176"]
[BlackFideId "358878"]
[EventDate "2022.10.03"]

1. e4 c6 2. d4 d5 3. e5 Bf5 4. h4 h5 5. Bd3 Bxd3 6. Qxd3 Qa5+ 7. Nd2 e6 8. Nf3
Nh6 9. O-O Nf5 10. Nb3 Qa6 11. Qd1 b6 12. Bg5 c5 13. dxc5 bxc5 14. Nbd2 Nc6 15.
c4 Be7 16. cxd5 exd5 17. Nb3 c4 18. Qxd5 cxb3 19. e6 fxe6 20. Qxe6 Qc8 21. Qg6+
Kf8 22. Rac1 Bd6 23. Rxc6 Qxc6 24. Qxf5+ Kg8 25. Qe6+ Kh7 26. Bf4 Rhf8 27. Ng5+
Kh8 28. Bxd6 Rf6 29. Qe4 Qxe4 30. Nxe4 Re6 31. Ng5 Re2 32. axb3 Rae8 33. Ra1
Re1+ 34. Rxe1 Rxe1+ 35. Kh2 Re2 36. Be5 Rxf2 37. Bd4 Re2 38. Kg3 a6 39. Kf3 Rd2
40. Bc3 Rd3+ 41. Kf4 Kg8 42. Nf3 Rd5 43. Ke4 Rd6 44. Kf5 g6+ 45. Ke5 Rd1 46. Kf6
Rd6+ 47. Ke7 Rd3 48. b4 Rd1 49. Bd4 Rc1 50. Kd6 Rc2 51. g3 Rc4 52. Bc3 Rg4 53.
b5 axb5 54. Be5 Rc4 55. b3 Rc1 56. Nd4 Rc3 57. Nxb5 Rxb3 58. Nd4 Rb6+ 59. Ke7
Rb7+ 60. Kf6 Rb6+ 61. Ne6 Ra6 62. Bf4 Rb6 63. Bc7 Ra6 64. Bf4 Rb6 65. Kxg6 Rxe6+
66. Kxh5 Kh7 67. Kg5 Rg6+ 68. Kf5 Rg8 69. Be5 Rf8+ 70. Bf6 Rb8 71. g4 Rb1 72. h5
Rb5+ 73. Ke6 Rxh5 74. gxh5 Kh6 75. Bg5+ Kxh5 1/2-1/2

[Event "37th ECC Open 2022"]
[Site "Mayrhofen AUT"]
[Date "2022.10.03"]
[Round "1.2"]
[Board "5"]
[White "Grandelius, Nils"]
[Black "Boel, Marcel"]
[Result "1-0"]
[WhiteTitle "GM"]
[WhiteElo "2651"]
[BlackElo "2214"]
[WhiteTeam "Novy Bor Chess club"]
[BlackTeam "Amevo Apeldoorn"]
[WhiteFideId "1710400"]
[BlackFideId "1008870"]
[EventDate "2022.10.03"]

1. Nf3 d5 2. e3 Nf6 3. c4 e6 4. b3 Be7 5. Bb2 O-O 6. Nc3 b6 7. cxd5 exd5 8. d4
c5 9. Be2 Bb7 10. O-O Nbd7 11. Bd3 Re8 12. Rc1 Rc8 13. Ne2 cxd4 14. Nexd4 Rxc1
15. Qxc1 Qb8 16. Nf5 Bf8 17. Qa1 a6 18. Nh6+ gxh6 19. Bxf6 Qd6 20. Bd4 Nc5 21.
Bc2 Ne4 22. Nh4 Bc8 23. f3 Ng5 24. f4 Ne4 25. Rf3 Be7 26. Bxe4 Bxh4 27. Bd3 Bg4
28. Rf1 a5 29. Qb2 Rc8 30. f5 Bh5 31. g4 Bxg4 32. Qg2 h5 33. h3 f6 34. hxg4 Rc7
35. Qh2 1-0

[Event "37th ECC Open 2022"]
[Site "Mayrhofen AUT"]
[Date "2022.10.03"]
[Round "1.3"]
[Board "1"]
[White "Elsness, Frode"]
[Black "Esipenko, Andrey"]
[Result "0-1"]
[WhiteTitle "IM"]
[BlackTitle "GM"]
[WhiteElo "2468"]
[BlackElo "2668"]
[WhiteTeam "Bærum Schakselskap"]
[BlackTeam "Asnieres Le Grand Echiquier"]
[WhiteFideId "1501100"]
[BlackFideId "24175439"]
[EventDate "2022.10.03"]

1. Nf3 Nf6 2. g3 c5 3. Bg2 Nc6 4. d4 cxd4 5. Nxd4 h5 6. h3 e5 7. Nb5 d5 8. Bxd5
Qa5+ 9. N1c3 Nxd5 10. Qxd5 Be6 11. Nd6+ Bxd6 12. Qxd6 Nd4 13. Kf1 Rd8 14. b4
Rxd6 15. bxa5 Rc6 16. Bd2 O-O 17. Rb1 Rfc8 18. Nb5 Rxc2 19. Nxd4 exd4 20. Bf4
Bc4 0-1

[Event "37th ECC Open 2022"]
[Site "Mayrhofen AUT"]
[Date "2022.10.03"]
[Round "1.3"]
[Board "2"]
[White "Moussard, Jules"]
[Black "Mihajlov, Sebastian"]
[Result "1-0"]
[WhiteTitle "GM"]
[BlackTitle "IM"]
[WhiteElo "2686"]
[BlackElo "2375"]
[WhiteTeam "Asnieres Le Grand Echiquier"]
[BlackTeam "Bærum Schakselskap"]
[WhiteFideId "642908"]
[BlackFideId "1512110"]
[EventDate "2022.10.03"]

1. e4 e5 2. Nf3 Nc6 3. Bb5 a6 4. Ba4 Nf6 5. O-O Be7 6. Re1 b5 7. Bb3 d6 8. c3
O-O 9. h3 Bb7 10. d4 Re8 11. Nbd2 Bf8 12. Bc2 h6 13. d5 Nb8 14. b3 Nbd7 15. c4
c6 16. Nf1 cxd5 17. cxd5 Qc7 18. Bd2 Rec8 19. Rc1 a5 20. a3 Qd8 21. b4 axb4 22.
Bxb4 Nc5 23. Qe2 Qd7 24. Rb1 g6 25. Kh2 h5 26. Bd3 Nxd3 27. Qxd3 Qc7 28. Ne3 Ba6
29. Nd2 Nd7 30. Qe2 Nc5 31. Rec1 Qd7 32. Rc2 Be7 33. Rbc1 Kg7 34. Qf3 Bb7 35.
Qe2 Ba6 36. Nd1 Bg5 37. Nb2 Bf4+ 38. g3 Bxd2 39. Rxd2 Nb3 40. Rc6 Rxc6 41. dxc6
Qxc6 42. Rxd6 Nd4 43. Qe3 Qc7 44. Nd3 f6 45. Nf4 Bc8 46. Nxh5+ gxh5 47. Rxf6 1-0

[Event "37th ECC Open 2022"]
[Site "Mayrhofen AUT"]
[Date "2022.10.03"]
[Round "1.3"]
[Board "3"]
[White "Mikalsen, Erlend"]
[Black "Alekseenko, Kirill"]
[Result "0-1"]
[WhiteTitle "IM"]
[BlackTitle "GM"]
[WhiteElo "2354"]
[BlackElo "2691"]
[WhiteTeam "Bærum Schakselskap"]
[BlackTeam "Asnieres Le Grand Echiquier"]
[WhiteFideId "1507338"]
[BlackFideId "4135539"]
[EventDate "2022.10.03"]

1. e4 e5 2. Nc3 Nc6 3. Bc4 Nf6 4. d3 Na5 5. Qf3 c6 6. Nge2 b5 7. Bb3 d6 8. h3
Be7 9. Ng3 O-O 10. O-O h6 11. Nf5 Bxf5 12. Qxf5 Re8 13. Be3 Bf8 14. Rad1 Nxb3
15. axb3 g6 16. Qf3 Bg7 17. Rfe1 Qe7 18. Ra1 a5 19. Ra2 b4 20. Ne2 Nh7 21. Rea1
Qc7 22. g4 Nf8 23. Kg2 Ne6 24. h4 d5 25. h5 dxe4 26. dxe4 c5 27. hxg6 fxg6 28.
Rh1 Rf8 29. Qh3 Qc6 30. Bxh6 Qxe4+ 31. Kf1 Rf3 32. Qh4 Rxf2+ 33. Kxf2 Rf8+ 0-1

[Event "37th ECC Open 2022"]
[Site "Mayrhofen AUT"]
[Date "2022.10.03"]
[Round "1.3"]
[Board "4"]
[White "Movsesian, Sergei"]
[Black "Elmi, Saad Abobaker"]
[Result "1-0"]
[WhiteTitle "GM"]
[WhiteElo "2619"]
[BlackElo "2263"]
[WhiteTeam "Asnieres Le Grand Echiquier"]
[BlackTeam "Bærum Schakselskap"]
[WhiteFideId "310204"]
[BlackFideId "1553259"]
[EventDate "2022.10.03"]

1. e4 c5 2. Nc3 Nc6 3. Bb5 Nd4 4. Nf3 a6 5. Bd3 g6 6. Nxd4 cxd4 7. Ne2 Bg7 8. c3
dxc3 9. dxc3 d6 10. O-O Nf6 11. a4 b6 12. c4 O-O 13. Nc3 Bb7 14. Bg5 Qc7 15. Qd2
e6 16. Rac1 Nd7 17. Rfd1 Bf6 18. Be3 Rfd8 19. f3 Nc5 20. Bc2 a5 21. Bf4 Be5 22.
Bg5 f6 23. Be3 Bc6 24. b3 f5 25. exf5 gxf5 26. Kh1 Kh8 27. Ne2 Rg8 28. Ng3 Rad8
29. Bf4 Rdf8 30. Qe3 Rf6 31. Nh5 Rfg6 32. Rd2 Bxf4 33. Nxf4 Rf6 34. Rcd1 e5 35.
Rxd6 exf4 36. Qc3 1-0

[Event "37th ECC Open 2022"]
[Site "Mayrhofen AUT"]
[Date "2022.10.03"]
[Round "1.3"]
[Board "5"]
[White "Stigar, Petter"]
[Black "Cornette, Matthieu"]
[Result "0-1"]
[WhiteTitle "FM"]
[BlackTitle "GM"]
[WhiteElo "2206"]
[BlackElo "2572"]
[WhiteTeam "Bærum Schakselskap"]
[BlackTeam "Asnieres Le Grand Echiquier"]
[WhiteFideId "1500341"]
[BlackFideId "620084"]
[EventDate "2022.10.03"]

1. Nf3 Nf6 2. c4 g6 3. g3 Bg7 4. Bg2 O-O 5. d4 d6 6. O-O c6 7. Nc3 Bf5 8. b3 Ne4
9. Bb2 Nxc3 10. Bxc3 Be4 11. Qd2 Nd7 12. Ne1 Bxg2 13. Nxg2 d5 14. cxd5 cxd5 15.
Rfc1 a5 16. Qd3 Qb6 17. Nf4 e6 18. e3 Rfc8 19. Bb2 Rc6 20. Qd1 a4 21. Nd3 Qb5
22. Bc3 Bf8 23. Rab1 axb3 24. axb3 Ra3 25. Be1 Bd6 26. Rxc6 bxc6 27. Qc2 Nf6 28.
Kg2 h5 29. Bd2 Ne4 30. Bc1 Ra6 31. f3 Nf6 32. Bb2 g5 33. Nc5 Bxc5 34. dxc5 Nd7
35. b4 Ra2 36. Qd2 Ne5 37. e4 f6 38. exd5 exd5 39. f4 Qd3 0-1

[Event "37th ECC Open 2022"]
[Site "Mayrhofen AUT"]
[Date "2022.10.03"]
[Round "1.3"]
[Board "6"]
[White "Terekhov, Andrey"]
[Black "Bjugn, Gisle"]
[Result "1-0"]
[WhiteTitle "FM"]
[WhiteElo "2308"]
[BlackElo "1866"]
[WhiteTeam "Asnieres Le Grand Echiquier"]
[BlackTeam "Bærum Schakselskap"]
[WhiteFideId "4121481"]
[BlackFideId "1516752"]
[EventDate "2022.10.03"]

1. d4 Nf6 2. c4 e6 3. g3 d5 4. Bg2 Bb4+ 5. Nd2 O-O 6. Nf3 c5 7. dxc5 dxc4 8. O-O
Qd5 9. Qc2 Bxd2 10. Bxd2 Nbd7 11. Bb4 a5 12. Ba3 Re8 13. Nd2 Qh5 14. Nxc4 Nd5
15. Bf3 Qg5 16. h4 Qf6 17. Rfd1 Ne5 18. Nxe5 Qxe5 19. Qa4 Rd8 20. e4 Bd7 21. Qd4
Qf6 22. Bg2 Nc7 23. e5 Qf5 24. Bxb7 Rab8 25. Be4 Qh5 26. c6 Be8 27. Qxd8 Rxd8
28. Rxd8 f5 29. Bg2 Kf7 30. Bd6 Nb5 31. c7 Nxc7 32. Bxc7 Ke7 33. Rb8 Kd7 34.
Bxa5 f4 35. Rb7+ Kc8 36. Rc1+ Bc6 37. Bxc6 Qxe5 38. Bf3+ 1-0

[Event "37th ECC Open 2022"]
[Site "Mayrhofen AUT"]
[Date "2022.10.03"]
[Round "1.4"]
[Board "2"]
[White "Kristoferitsch, Daniel"]
[Black "Nihal, Sarin"]
[Result "0-1"]
[WhiteTitle "FM"]
[BlackTitle "GM"]
[WhiteElo "2283"]
[BlackElo "2673"]
[WhiteTeam "Schachfreunde Berlin"]
[BlackTeam "TAJFUN - SK Ljubljana"]
[WhiteFideId "1642650"]
[BlackFideId "25092340"]
[EventDate "2022.10.03"]

1. d4 d6 2. Nf3 Nf6 3. c4 g6 4. Nc3 Bg7 5. e4 O-O 6. Be2 e5 7. O-O Bg4 8. d5 a5
9. Be3 Na6 10. Qc2 Bd7 11. Nd2 Ng4 12. Bxg4 Bxg4 13. f3 Bd7 14. a3 f5 15. Kh1 f4
16. Bg1 b6 17. Rab1 g5 18. b4 Rf6 19. bxa5 bxa5 20. Rb7 Bf8 21. Rfb1 h5 22. c5
Nxc5 23. Bxc5 dxc5 24. Na4 Bxa4 25. Qxa4 Bd6 26. Qb5 a4 27. Nc4 Rf8 28. Qc6 Qf6
29. Nxd6 cxd6 30. R1b6 Rad8 31. Qxa4 g4 32. Qd1 Qh4 33. a4 Rf7 34. a5 Rxb7 35.
Rxb7 Ra8 36. Rb5 Kh7 37. Qf1 c4 38. Rb7+ Kg6 39. Rc7 Rxa5 40. Rxc4 Ra2 41. Rc1
gxf3 42. Qxf3 Qg4 43. Rg1 Kh6 44. Qb3 Re2 45. Qb8 Qg6 46. Qh8+ Kg5 47. Qd8+ Qf6
48. Qg8+ Kh6 49. h3 Rxe4 0-1

[Event "37th ECC Open 2022"]
[Site "Mayrhofen AUT"]
[Date "2022.10.03"]
[Round "1.4"]
[Board "3"]
[White "Volokitin, Andrei"]
[Black "Polzin, Rainer"]
[Result "1-0"]
[WhiteTitle "GM"]
[BlackTitle "GM"]
[WhiteElo "2645"]
[BlackElo "2385"]
[WhiteTeam "TAJFUN - SK Ljubljana"]
[BlackTeam "Schachfreunde Berlin"]
[WhiteFideId "14107090"]
[BlackFideId "4610741"]
[EventDate "2022.10.03"]

1. e4 c6 2. d4 d5 3. e5 Bf5 4. Nf3 e6 5. Be2 c5 6. Be3 Qb6 7. Nc3 Nc6 8. Na4
Qa5+ 9. c3 c4 10. b4 Qc7 11. Nh4 Be4 12. f3 Bg6 13. O-O b5 14. Nb2 a6 15. a4 Rc8
16. axb5 axb5 17. f4 Nge7 18. g4 Be4 19. f5 h5 20. fxe6 fxe6 21. gxh5 Nf5 22.
Nxf5 Bxf5 23. Bg4 Qf7 24. h3 Be7 25. Qf3 Kd7 26. Bxf5 exf5 27. Qxf5+ Qxf5 28.
Rxf5 Ke6 29. Rff1 Rxh5 30. Kg2 Rch8 31. Rf3 g5 32. Bg1 Rh4 33. Rg3 Re4 34. Nd1
Re2+ 35. Bf2 Rf8 36. Rf3 Rg8 37. Ne3 g4 38. Nxg4 Rc2 39. Kf1 Kd7 40. Nf6+ Bxf6
41. exf6 1-0

[Event "37th ECC Open 2022"]
[Site "Mayrhofen AUT"]
[Date "2022.10.03"]
[Round "1.4"]
[Board "4"]
[White "Weber, Daniel"]
[Black "Predojevic, Borki"]
[Result "0-1"]
[BlackTitle "GM"]
[WhiteElo "2145"]
[BlackElo "2584"]
[WhiteTeam "Schachfreunde Berlin"]
[BlackTeam "TAJFUN - SK Ljubljana"]
[WhiteFideId "24615498"]
[BlackFideId "930849"]
[EventDate "2022.10.03"]

1. d4 d5 2. c4 e6 3. Nf3 Nf6 4. g3 dxc4 5. Bg2 Nbd7 6. Qa4 a6 7. Qxc4 b5 8. Qc2
Bb7 9. Bg5 c5 10. dxc5 Bxc5 11. O-O Rc8 12. Qd3 O-O 13. Bxf6 Nxf6 14. Qxd8 Rfxd8
15. Nc3 Bc6 16. a3 Be8 17. Rac1 a5 18. e3 Kf8 19. Ne2 Ne4 20. Rfd1 Rxd1+ 21.
Rxd1 Nd6 22. Ne5 f6 23. Nd3 Ba7 24. Ndf4 Ke7 25. Bh3 f5 26. Rc1 Rxc1+ 27. Nxc1
Nc4 28. Nfd3 Kd6 29. Ne2 g6 30. Nc3 e5 31. g4 e4 32. Nf4 Nxe3 33. fxe3 Bxe3+ 34.
Kg2 Bxf4 35. gxf5 Ke5 36. f6 b4 37. axb4 axb4 38. Na2 Bd2 0-1

[Event "37th ECC Open 2022"]
[Site "Mayrhofen AUT"]
[Date "2022.10.03"]
[Round "1.4"]
[Board "5"]
[White "Markus, Robert"]
[Black "Noetzel, Felix"]
[Result "1-0"]
[WhiteTitle "GM"]
[WhiteElo "2615"]
[BlackElo "2093"]
[WhiteTeam "TAJFUN - SK Ljubljana"]
[BlackTeam "Schachfreunde Berlin"]
[WhiteFideId "921637"]
[BlackFideId "24637416"]
[EventDate "2022.10.03"]

1. d4 d5 2. c4 e6 3. Nf3 c6 4. e3 Nf6 5. b3 Nbd7 6. Bb2 Ne4 7. Nbd2 f5 8. g3 Bd6
9. Bg2 O-O 10. O-O Qf6 11. Ne1 Qh6 12. Nd3 Ndf6 13. Re1 Bd7 14. Nf1 Be8 15. f3
Bh5 16. Nf4 Ng5 17. Rc1 Rae8 18. Rc2 Nf7 19. Qc1 e5 20. dxe5 Nxe5 21. Nxh5 Qxh5
22. Bxe5 Bxe5 23. f4 Bb8 24. cxd5 cxd5 25. Rd1 Rd8 26. Rcd2 Rc8 27. Qa1 b5 28.
Bxd5+ Kh8 29. Be6 Rce8 30. Bd7 Nxd7 31. Rxd7 Rf7 32. Qc3 h6 33. Qc6 Rf6 34. Qxb5
Rfe6 35. R1d5 Qf3 36. Rd8 Rxd8 37. Rxd8+ Kh7 38. Qxf5+ 1-0